Statystyki dla Państwa z największą liczbą osób mówiących po niemiecku

Kliknij tutaj aby rozwiązać quiz!

Ogólne statystyki

  • Ten quiz został rozwiązany 179 razy
  • Średni wynik to 11 z 15

Statystyki odpowiedzi

# Użytkownicy%Państwo% Poprawnych
69,701,00085,2Niemcy
99%
7,115,00088,6Austria
96%
63,0000,1Polska
94%
5,161,00062,8Szwajcaria
93%
76,0000,7Belgia
88%
748,0001,2Francja
88%
964,0000,3Stany Zjednoczone
81%
44,0000,03Rosja
77%
41,0000,4Czechy
73%
271,0000,2Kanada
70%
192,6910,4Hiszpania
67%
72 0000,73Szwecja
60%
79,0000,4Australia
43%
42,0000,9Nowa Zelandia
22%
48,0000,7Paragwaj
1%

Rozkład punktacji

Percentyl według liczby udzielonych odpowiedzi

Procent ludzi z każdym wynikiem

Twoja historia wyników

Nie rozwiązałeś tego quizu